| 000 | 00657nam a2200181 4500 | ||
|---|---|---|---|
| 008 | 171207b xxu||||| |||| 00| 0 eng d | ||
| 020 | _a0874346096 | ||
| 082 |
_21994 _aDC 610.73 _bIl6 |
||
| 110 |
_924533 _aSpringhouse Corporation, author. |
||
| 245 |
_aIllustrated manual of nursing practice / _cSpringhouse Corporation. |
||
| 260 |
_aSpringhouse, Pa. : _bThe Corp., _c©1994. |
||
| 300 |
_axii, 1,460 pages : _bcolored illustrations ; _c27 cm. |
||
| 500 | _aIncludes bibliographical references and index. | ||
| 650 | 0 |
_924535 _aNursing _vHandbooks, manuals, etc. |
|
| 650 | 0 |
_924536 _aNursing Care |
|
| 650 | 0 |
_924537 _aNursing Process. |
|
| 942 |
_2ddc _cDC |
||
| 999 |
_c7975 _d7975 |
||